Rokovania o komplexnej investičnej dohode medzi Európskou úniou a ČĽR - aktuálne výzvy

Nárast objemu vzájomných investícií medzi ČĽR a členskými štátmi EÚ v ostatných rokoch. Potreba novej právnej úpravy vzájomných investičných vzťahov. Rokovania o novej komplexnej investičnej dohode, ktorej cieľom má byť vytvorenie právneho rámca pre riešenie akútnych aktuálnych praktických problémov...

Celý popis

Uložené v:
Podrobná bibliografia
Hlavný autor: Brocková, Katarína, 1976-
Médium: Kapitola
Jazyk:Slovak
Predmet:
Tagy: Pridať tag
Žiadne tagy, Buďte prvý, kto otaguje tento záznam!

MARC

LEADER 00000nla a2200000 4500
001 0241440
005 20240502073930.7
041 0 |a slo 
044 |a SK 
245 1 0 |a Rokovania o komplexnej investičnej dohode medzi Európskou úniou a ČĽR - aktuálne výzvy  |c Katarína Brocková 
520 |a Nárast objemu vzájomných investícií medzi ČĽR a členskými štátmi EÚ v ostatných rokoch. Potreba novej právnej úpravy vzájomných investičných vzťahov. Rokovania o novej komplexnej investičnej dohode, ktorej cieľom má byť vytvorenie právneho rámca pre riešenie akútnych aktuálnych praktických problémov vzájomnej investičnej aktivity. Vymedzenie kľúčových sporných otázok, ktoré musia byť vyriešené predtým, ako bude možná dohoda o vzájomnej podpore a ochrane investícií medzi EÚ a ČĽR. 
610 2 0 |a investície priame zahraničné 
610 2 0 |a spolupráca hospodárska medzinárodná 
610 2 0 |a dohody medzinárodné 
610 2 0 |a partnerstvo strategické 
610 2 0 |a Čína 
610 2 0 |a Európska únia 
100 1 |a Brocková, Katarína, 1976-